000
00244nam a2200085Ia 4500
245
0
_a
Easy, simple and delicious
100
_a
CABANO, Sonia Capetown, South Africa, 2010
_9
51759
942
_c
BK
008
210817s9999 xx 000 0 und d
999
_c
371499
_d
371498